Vplyv nosiča na účinnosť fotoprotektívnych kozmetických prípravkov a ich fotostabilita diplomová práca CD

Salvato in:
Dettagli Bibliografici
Autore principale: Kubicová, Dominika
Natura: Software Libro
Lingua:slovacco
Pubblicazione: Bratislava STU FCHPT 2013
Accesso online:Visualizza in OPAC
Tags: Aggiungi Tag
Nessun Tag, puoi essere il primo ad aggiungerne!!

MARC

LEADER 00000nam a2200000 a 4500
005 20260127134110.0
007 co ugu
008 130813 2013 000 0 slo d
035 |a vtls010534581 
039 9 |y 201308131009  |z mschk03 
040 |a STUSCHK1  |b slo  |c STUSCHK1  |e AACR2 
100 1 |a Kubicová, Dominika 
245 1 |a Vplyv nosiča na účinnosť fotoprotektívnych kozmetických prípravkov a ich fotostabilita  |b diplomová práca CD  |c Dominika Kubicová 
260 |a Bratislava  |b STU FCHPT  |c 2013 
300 |a 1 optický disk 
500 |a Obhájené: 11.06.2013 
500 |a Štud. odbor: Potravinárstvo 
500 |a Škol. prac.: Oddelenie potravinárskej technológie 
500 |a Evid. číslo: FCHPT-5457-58759 
910 |a SCHK95 
999 |c 4047  |d 4047